Muhammad (PBUH) : (Record no. 190488)
[ view plain ]
| 000 -LEADER | |
|---|---|
| fixed length control field | 00791 a2200193 4500 |
| 003 - CONTROL NUMBER IDENTIFIER | |
| control field | Nust |
| 005 - DATE AND TIME OF LATEST TRANSACTION | |
| control field | 20230131094044.0 |
| 010 ## - LIBRARY OF CONGRESS CONTROL NUMBER | |
| LC control number | 91055407 |
| 020 ## - INTERNATIONAL STANDARD BOOK NUMBER | |
| International Standard Book Number | 0062500147 (alk. paper) : |
| 040 ## - CATALOGING SOURCE | |
| Transcribing agency | Nust |
| 082 00 - DEWEY DECIMAL CLASSIFICATION NUMBER | |
| Classification number | 297.63, ARM |
| -- | B |
| 100 1# - MAIN ENTRY--PERSONAL NAME | |
| Personal name | Armstrong, Karen, |
| 245 10 - TITLE STATEMENT | |
| Title | Muhammad (PBUH) : |
| Remainder of title | a biography of the prophet / |
| Statement of responsibility, etc. | Karen Armstrong. |
| 260 ## - PUBLICATION, DISTRIBUTION, ETC. | |
| Place of publication, distribution, etc. | Book Readers Internatioal |
| Name of publisher, distributor, etc. | Quetta |
| Date of publication, distribution, etc. | c 2004. |
| 300 ## - PHYSICAL DESCRIPTION | |
| Extent | 290 p. : |
| Other physical details | ill., maps ; |
| Dimensions | 25 cm. |
| 505 ## - FORMATTED CONTENTS NOTE | |
| Formatted contents note | Muhammad The Enemy (Page-21), Muhammad The Man Of Allah (Page-45), Jahiliyah (Page-55), Revelation (Page-72), The Warner (Page-91), The Satanic Verses (Page-108), Hijra (Page-134), Holy War (Page-164), Holy Peace (Page-211), Death Of The Prophet (Page-250). |
| 600 00 - SUBJECT ADDED ENTRY--PERSONAL NAME | |
| Personal name | Mu�hammad, |
| Dates associated with a name | d. 632. |
| 9 (RLIN) | 108152 |
| 942 ## - ADDED ENTRY ELEMENTS (KOHA) | |
| Source of classification or shelving scheme | |
| Koha item type | Book |
| Withdrawn status | Lost status | Source of classification or shelving scheme | Damaged status | Not for loan | Collection code | Permanent Location | Current Location | Date acquired | Total Checkouts | Full call number | Barcode | Date last seen | Price effective from | Koha item type |
|---|---|---|---|---|---|---|---|---|---|---|---|---|---|---|
| Military College of Signals (MCS) | Military College of Signals (MCS) | 12/12/2016 | 297.63 ARM | MCS30968 | 12/08/2016 | 12/12/2016 | Book |
